000 00518nam a2200181Ia 4500
005 20250326123703.0
008 250326s9999 xx 000 0 und d
037 _aTextbook
040 _aFMSL
_beng
_cFMSL
041 _aeng
_2eng
084 _aX65:5.1 M8
_qFMSL
100 _aGoldenberg S
_9735804
245 0 _aInternational joint ventures in action
_cGoldenberg S
260 _aUSA
_bUSA, Hutchinson Business Books
_c1988
300 _a242p
942 _cTB
_hX65:5.1 M8
999 _c1270501
_d1270501